The World Encyclopedia of Military Helicopters : (Record no. 593534)

000 -LEADER
fixed length control field 00428nam a22001337a 4500
020 ## - INTERNATIONAL STANDARD BOOK NUMBER
International Standard Book Number 9780754823865
040 ## - CATALOGING SOURCE
Transcribing agency NUST
082 ## - DEWEY DECIMAL CLASSIFICATION NUMBER
Classification number REF 623.746047 CRO
100 ## - MAIN ENTRY--PERSONAL NAME
Personal name Crosby, Francis
9 (RLIN) 109896
245 ## - TITLE STATEMENT
Title The World Encyclopedia of Military Helicopters :
Remainder of title Featuring Over 80 Helicopters with 520 Historical and Modern Photographs
260 ## - PUBLICATION, DISTRIBUTION, ETC.
Place of publication, distribution, etc. LONDON
Name of publisher, distributor, etc. ANNESS
Date of publication, distribution, etc. 2016
650 ## - SUBJECT ADDED ENTRY--TOPICAL TERM
Topical term or geographic name entry element Military Helicopters
9 (RLIN) 48897
942 ## - ADDED ENTRY ELEMENTS (KOHA)
Source of classification or shelving scheme
Koha item type Book
Holdings
Withdrawn status Lost status Source of classification or shelving scheme Damaged status Not for loan Permanent Location Current Location Shelving location Date acquired Total Checkouts Full call number Barcode Date last seen Price effective from Koha item type
          College of Electrical & Mechanical Engineering (CEME) College of Electrical & Mechanical Engineering (CEME) Reference 03/06/2023   REF 623.746047 CRO CEME-50385 03/06/2023 03/06/2023 Book
© 2023 Central Library, National University of Sciences and Technology. All Rights Reserved.